LEADER 01071nam a2200265 u 4500 001 000000042821 003 CaOOAMICUS 005 20070226114352.0 008 990309s1948 it u000 u ita u 035 $a10816832 040 $aPUL(R)$bita 100 1 $aSforza, Carlo,$cconte,$d1872-1952.$0(OLS)http://pul/name/31420 245 10$aO federazione europea o nuove guerre /$cCarlo Sforza. 260 $aFirenze :$bLa Nuova Italia,$cc1948. 300 $axiii, 117 p. ;$c18 cm 490 1 $aOrientamenti 500 $aContiene indici. 504 $aBibliografia in nota. 651 4$aEuropa$xUnificazione.$0(OLS)http://pul/subject/37476 830 0$aOrientamenti (La Nuova Italia) ;$v12.$0(OLS)http://pul/title/57766 850 $aPUL 852 $aPUL$W1$xDP1 Cons. Gen., Altre Classi 1$y22$m44 E 37$j57783$nBK-PRI$b $qStampati$B57783$CPULBib$Z2$F57783 $H $81 941 1 $a8 996 $6245$aO federazione europea o nuove guerre$9(OLS)http://pul/title/57765 996 $6260$aFirenze :$bLa Nuova Italia$9(OLS)http://pul/publisher/48361 LEADER 01590nam a2200289 u 4500 001 000000114426 003 CaOOAMICUS 005 20090202121444.0 008 090202m19959999it cfh u000 u ita r 040 $aPUL$bita$dLDB 100 1 $aSabbadini, Remigio,$d1850-1934.$0(OLS)http://pul/name/15049 245 10$aOpere minori /$cRemigio Sabbadini. 260 $aPadova :$bAntenore,$c<1995->. 300 $av. <1> :$britr., facs., tav. ;$c25 cm. 490 1 $aMedioevo e Umanesimo ;$v87 504 $aBibliografia in nota. 505 1 $av. 1. Classici umanisti da codici latini inesplorati / saggi riveduti e corretti dall'autore, editi a cura di Tino Foffano ; presentazione di Giuseppe Billanovich ; bibliografia dell'autore a cura di Eugenio e Myriam Billanovich, rivista e accresciuta da Tino Foffanom ; indice dei nomi e dei manoscritti a cura di Tino Foffano. 650 14$aFilologia latina$xStoria e critica.$0(OLS)http://pul/subject/11680 650 14$aManoscritti latini.$0(OLS)http://pul/subject/15780 700 1 $aFoffano, Tino.$0(OLS)http://pul/name/62970 700 1 $aSabbadini, Remigio,$d1850-1934.$tOpere.$0(OLS)http://pul/nameTitle/850$0(OLS)http://pul/name/15049$0(OLS)http://pul/title/5258 830 0$aMedioevo e Umanesimo ;$v87.$0(OLS)http://pul/title/9971 850 $aPUL 852 $aPUL$W1$xDP2 Filosofia 3$y112$m940 COLL 3.87$j130752$av. 1$qDDC 21$B129830$CPULBib$Z2$F129830 $H109400 $82 941 1 $a9 996 $6245$aOpere minori$9(OLS)http://pul/title/14898 996 $6260$aPadova :$bAntenore$9(OLS)http://pul/publisher/48020